Statistics for Bollards 2/5 of the (street view) world

Click here to take the quiz!

General Stats

  • This quiz has been taken 20 times
  • The average score is 1 of 110

Answer Stats

Answer% Correct
United States
50%
Czechia
25%
Slovakia
25%
United States
25%
Albania
0%
Albania
0%
Albania
0%
Andorra
0%
Argentina
0%
Australia
0%
Australia
0%
Austria
0%
Austria
0%
Austria
0%
Austria
0%
Austria
0%
Austria
0%
Austria
0%
Austria
0%
Austria
0%
Austria
0%
Austria
0%
Austria
0%
Austria
0%
Austria
0%
Belgium
0%
Bhutan
0%
Brazil
0%
Bulgaria
0%
Canada
0%
Canada
0%
Canada
0%
Croatia
0%
Czechia
0%
Czechia
0%
Ecuador
0%
England
0%
France
0%
Greece
0%
Greece
0%
Hungary
0%
India
0%
India
0%
Indonesia
0%
Indonesia
0%
Indonesia
0%
Indonesia
0%
Indonesia
0%
Indonesia
0%
Ireland
0%
Isle of Man
0%
Italy
0%
Italy
0%
Italy
0%
Italy
0%
Italy
0%
Italy
0%
Japan
0%
Jersey
0%
Kenya
0%
Kenya
0%
Liechtenstein
0%
Liechtenstein
0%
Lithuania
0%
Luxembourg
0%
Malaysia
0%
Montenegro
0%
Montenegro
0%
Montenegro
0%
Netherlands
0%
Netherlands
0%
Netherlands
0%
Nigeria
0%
North Macedonia
0%
North Macedonia
0%
North Macedonia
0%
Philippines
0%
Portugal
0%
Russia
0%
Russia
0%
Russia
0%
Russia
0%
Russia
0%
San Marino
0%
Serbia
0%
Serbia
0%
Serbia
0%
Singapore
0%
Slovakia
0%
Slovakia
0%
Slovenia
0%
Slovenia
0%
Slovenia
0%
Sweden
0%
Taiwan
0%
Taiwan
0%
Taiwan
0%
Ukraine
0%
Ukraine
0%
United Kingdom
0%
United Kingdom
0%
United Kingdom
0%
United States
0%
United States
0%
United States
0%
United States
0%
United States
0%
United States
0%
United States
0%
United States
0%

Score Distribution

Percentile by Number Answered

Percent of People with Each Score

Your Score History

You have not taken this quiz